| 000 | 00000nam 2200000za 4500 |
| 001 | 9.806775 |
| 003 | CaOODSP |
| 005 | 20221107135955 |
| 007 | cr ||||||||||| |
| 008 | 150407s1992 mbc|||||o f|0| 0 eng d |
| 040 | |aCaOODSP|beng |
| 043 | |an-cn--- |
| 086 | 1 |aEn108-3/1-42E-PDF |
| 110 | 1 |aCanada.|bCanadian Council of Ministers of the Environment. |
| 245 | 10|aGuidelines for the management of biomedical waste in Canada |h[electronic resource] / |cprepared by the Canadian Standards Association. |
| 260 | |aWinnipeg : |bCanadian Council of Ministers of the Environment, |c1992. |
| 300 | |axiv, 44 p. : |btables. |
| 490 | 1 |a[Report] ; |vCCME-EPC-WM-42E |
| 500 | |a"February 1992." |
| 500 | |aThe catalogue number (En108-3/1-42E and ISBN (0-662-19425-X and 0-919074-57-X ) for the print edition have been copied in this electronic publication. |
| 500 | |aIssued also in French under title : Lignes directrices sur la gestion des déchets biomédicaux au Canada. |
| 504 | |aIncludes bibliographical references. |
| 690 | 07|aInfectious wastes |
| 690 | 07|aMedical wastes |
| 775 | 08|tLignes directrices sur la gestion des déchets biomédicaux au Canada |w(CaOODSP)9.806877 |
| 776 | 0#|tGuidelines for the management of biomedical waste in Canada / |w(CaOODSP)9.609588 |
| 830 | #0|aReport (Canadian Council of Ministers of the Environment)|vCCME-EPC-WM-42E|w(CaOODSP)9.512526 |
| 856 | 40|qPDF|s1.63 MB|uhttps://publications.gc.ca/collections/collection_2015/ec/En108-3-1-42-eng.pdf |